विज्ञान एवं प्रोद्योगिकी प्रश्न पत्र -3 (Record no. 62428)
[ view plain ]
| 000 -LEADER | |
|---|---|
| fixed length control field | 00592nam a22001577a 4500 |
| 003 - CONTROL NUMBER IDENTIFIER | |
| control field | macl |
| 005 - DATE AND TIME OF LATEST TRANSACTION | |
| control field | 20200315165122.0 |
| 008 - FIXED-LENGTH DATA ELEMENTS--GENERAL INFORMATION | |
| fixed length control field | 200315b xxu||||| |||| 00| 0 eng d |
| 040 ## - CATALOGING SOURCE | |
| Transcribing agency | macl |
| 100 ## - MAIN ENTRY--PERSONAL NAME | |
| Personal name | गुप्ता संजय |
| 9 (RLIN) | 36498 |
| 245 ## - TITLE STATEMENT | |
| Title | विज्ञान एवं प्रोद्योगिकी प्रश्न पत्र -3 |
| 260 ## - PUBLICATION, DISTRIBUTION, ETC. (IMPRINT) | |
| Place of publication, distribution, etc. | ग्वालियर |
| Name of publisher, distributor, etc. | श्री अचलेश्वर बुक स्टोर |
| Date of publication, distribution, etc. | 2020 |
| 600 ## - SUBJECT ADDED ENTRY--PERSONAL NAME | |
| Personal name | संजय गुप्ता |
| 9 (RLIN) | 78668 |
| 650 ## - SUBJECT ADDED ENTRY--TOPICAL TERM | |
| Topical term or geographic name as entry element | सामान्य |
| 9 (RLIN) | 78676 |
| 942 ## - ADDED ENTRY ELEMENTS (KOHA) | |
| Source of classification or shelving scheme | |
| Koha item type | Hindi Books |
| Withdrawn status | Lost status | Source of classification or shelving scheme | Damaged status | Not for loan | Home library | Current library | Date acquired | Total Checkouts | Full call number | Barcode | Date last seen | Date last checked out | Cost, replacement price | Price effective from | Koha item type |
|---|---|---|---|---|---|---|---|---|---|---|---|---|---|---|---|
| MACL | MACL | 15/03/2020 | 1 | 500 | GCLC00385 | 12/04/2023 | 08/04/2023 | 250.00 | 15/03/2020 | Hindi Books | |||||
| MACL | MACL | 15/03/2020 | 500 | GCLC00386 | 15/03/2020 | 250.00 | 15/03/2020 | Hindi Books |









